| 000 | 01037cam a2200241 4500 | ||
|---|---|---|---|
| 001 | WS109717 | ||
| 008 | 000000n 000 0 eng u | ||
| 035 | _a(Sirsi) u109717 | ||
| 110 |
_aInstitute of Management _91411 |
||
| 245 | _aInstitute of Management | ||
| 520 | _aWeb site for this organisation which describes its mission as 'to promote the art and science of management'. Includes details of qualifications offered, training pages called 'Management Development Solutions', career development pages and links to their journal 'Professional Manager'. | ||
| 650 |
_aManagement consultancy _96255 |
||
| 650 | _aCAREERS, EDUCATION AND TRAINING | ||
| 650 | _aCAREERS, EDUCATION AND TRAINING | ||
| 650 | _aCAREERS, EDUCATION AND TRAINING | ||
| 650 |
_aContracts _96232 |
||
| 650 | _aCHANGE MANAGEMENT | ||
| 650 | _aORGANISATION | ||
| 650 | _aBUSINESS PERFORMANCE | ||
| 690 | _aMANAGEMENT-BUSINESS MANAGEMENT | ||
| 856 | 4 | 0 |
_uhttps://www.inst-mgt.org.uk _View the website free of charge at www.inst-mgt.org.uk... |
| 942 | _n0 | ||
| 999 |
_c119734 _d119734 |
||